UBT Library

Black's law dictionary / (Record no. 41686)

000 -LEADER
fixed length control field 00759cam a2200253 a 4500
001 - CONTROL NUMBER
control field 11994984
005 - DATE AND TIME OF LATEST TRANSACTION
control field 20180202082213.0
008 - FIXED-LENGTH DATA ELEMENTS--GENERAL INFORMATION
fixed length control field 000503s1999 mnu d 000 0 eng
010 ## - LIBRARY OF CONGRESS CONTROL NUMBER
LC control number 00298093
020 ## - INTERNATIONAL STANDARD BOOK NUMBER
International Standard Book Number 0314241302 (deluxe)
020 ## - INTERNATIONAL STANDARD BOOK NUMBER
International Standard Book Number 0314228640
040 ## - CATALOGING SOURCE
Original cataloging agency DLC
Transcribing agency DLC
Modifying agency DLC
-- OCoLC
-- DLC
041 ## - LANGUAGE CODE
Language code of text/sound track or separate title eng
043 ## - GEOGRAPHIC AREA CODE
Geographic area code n-us---
080 ## - UNIVERSAL DECIMAL CLASSIFICATION NUMBER
Universal Decimal Classification number 340.03
082 00 - DEWEY DECIMAL CLASSIFICATION NUMBER
Classification number 340.03 GAR
Edition number 20
100 ## - Rafti
Rafti 14
101 ## - Shkurtesa
Shkurtesa SHJ
245 00 - TITLE STATEMENT
Title Black's law dictionary /
Statement of responsibility, etc Bryan A. Garner, editor in chief.
246 30 - VARYING FORM OF TITLE
Title proper/short title Law dictionary
906 ## - LOCAL DATA ELEMENT F, LDF (RLIN)
a 7
b cbc
c origcop
d 1
e ocip
f 20
g y-gencatlg
942 ## - ADDED ENTRY ELEMENTS (KOHA)
Source of classification or shelving scheme
Item type Books
Holdings
Withdrawn status Lost status Source of classification or shelving scheme Damaged status Not for loan Collection code Permanent location Current location Shelving location Date acquired Total Checkouts Full call number Barcode Date last seen Price effective from Koha item type
          Koleksioni i përgjithshem UBT - Lipjan UBT - Lipjan Koleksioni i përgjithshem 02/02/2018   340.03 GAR 002-2997579 02/02/2018 02/02/2018 Books
UBT Library © 2015-2024. All rights reserved University Education for Business and Technology